000 01739cam a2200337 a 4500
001 1122772
003 OSt
005 20220311104854.0
008 940103s1994 ne ab b 100 0 eng
010 _a 94000685
020 _a0792327004 (hb : acid free paper)
040 _aDLC
_cHU
_dDLC
050 0 0 _aQK604.2.M92
_bM35 1992
082 0 0 _a631.4/6MAN1994
_220
111 2 _aInternational Symposium on the Management of Mycorrhizas in Agriculture, Horticulture, and Forestry
_d(1992 :
_cUniversity of Western Australia)
_932768
245 1 0 _aManagement of mycorrhizas in agriculture, horticulture, and forestry :
_bproceedings of an International Symposium on Management of Mycorrhizas in Agriculture, Horticulture, and Forestry, 28 September-2 October 1992, Perth, WA, Australia /
_cedited by A.D. Robson, L.K. Abbott, and N. Malajczuk..
260 _aDordrecht ;
_aBoston :
_bKluwer Academic,
_cc1994.
300 _avi, 238 p. :
_bill., map ;
_c27 cm.
440 0 _aDevelopments in plant and soil sciences ;
_vv. 56
_924746
500 _a"Partly reprinted from Plant and soil, volume 159, no. 1 (1994)."
504 _aIncludes bibliographical references.
650 0 _aMycorrhizas in agriculture
_xCongresses.
_932769
700 1 _aRobson, A. D.
_932770
700 1 _aAbbott, L. K.
_932771
700 1 _aMalajczuk, N.
_932772
856 4 2 _3Publisher description
_uhttp://www.loc.gov/catdir/enhancements/fy0822/94000685-d.html
856 4 1 _3Table of contents only
_uhttp://www.loc.gov/catdir/enhancements/fy0822/94000685-t.html
906 _a7
_bcbc
_corignew
_d1
_eocip
_f19
_gy-gencatlg
942 _2ddc
_cBOOKS
_n0
999 _c32653
_d32653